Asset management for the roads sector

Guardado en:
Detalles Bibliográficos
Formato: Libro
Lenguaje:inglés
Publicado: Paris OECD 2001
Colección:Transport
Materias:
Etiquetas: Agregar Etiqueta
Sin Etiquetas, Sea el primero en etiquetar este registro!

MARC

LEADER 00000nam a2200000 4500
001 c126808
005 20221124105037.4
020 |a 92-64-18697-2 
041 0 |a eng 
044 |a FR 
245 1 0 |a Asset management for the roads sector 
264 1 |a Paris  |b OECD  |c 2001 
300 |a 85 s. 
490 1 |a Transport 
830 0 |a Transport 
610 2 0 |a doprava cestná 
610 2 0 |a manažment 
610 2 0 |a zisk 
610 2 0 |a OECD 
610 2 0 |a svet